000 00507nam a22001817a 4500
005 20251108170531.0
008 250721s1992 xx 000 0 ara d
082 1 4 _aط/155.4/شال
100 1 _aعبد العظيم، شاكر
245 1 0 _aلغة الطفل /
264 1 _aالقاهره :
_bسفير،
_c1992.
300 _a88ص
490 0 _aأطفالنا : سلسلة سفير التربوية ؛ 1
650 1 7 _aالأطفال
650 1 7 _aاللغات
942 _2ddc
_cBK
999 _c42879
_d42879